000 02000nam0a2200433 4500
001 RU\NLR\BIBL_A\012568801
005 20250128194045.0
010 _a978-5-09-079462-6
_960
021 _aRU
_bКН-П-20-077654
_9КН-П-20-5862
035 _a(NLR Aleph) 012568801
090 _a13304896
_c13304896
100 _a20210722d2020 e y0rusy50 ca
101 0 _arus
_avog
102 _aRU
105 _ay j 000zy
181 0 _ai
_baxxe
182 0 _an
200 1 _aМетодические рекомендации к учебному пособию на мансийском языке "Литературное чтение. 4 класс"
_eпособие для учителя
_fЕ. У. Акбаш, М. В. Кумаева
203 _aТекст
_bвизуальный
_cнепосредственный
210 _aСанкт-Петербург
_cФилиал изд-ва "Просвещение"
_d2020
215 _a75, [3] с.
_cтабл.
_d21
225 1 _aФГОС
225 1 _aНовый учебник Севера
300 _aНа обл. подзаг.: 4 класс
300 _aТекст рус., манс.
300 _aИзд. осуществлено за счёт средств Ханты-Манс. авт. округа - Югры
320 _aБиблиогр. в тексте и в подстроч. примеч.
333 _a16+
606 1 _aЛитературное чтение
_jМетодические пособия
_xПреподавание
_xМансийская школа
_92488996
_3RU\NLR\AUTH\661477007
686 1 _aЧ426.153манс(2)02,01я8
700 1 _7ca
_8rus
_aАкбаш
_bЕ. У.
_gЕлена Устиновна
_953673
_3RU\NLR\AUTH\7770745
701 1 _aКумаева
_bМ. В.
_gМария Владимировна
852 _aNLR
_bОНЛ
_jМанс./3-161
942 _cBOOK
980 _aNBR
980 _aNB